000 00361nam a22001457a 4500
020 _a0-471-85644-4
082 _a621.382 GAG'I
100 _aGAGLIARDI, ROBERT M
_963755
245 _aINTRODUCTION TO COMMUNICATION ENGINEERING
250 _a2ND
260 _aNEWYORK
_bJOHN WILEY
_c1988
300 _a621P
650 _aTELECOMMUNICATION
_926244
942 _cBK
999 _c575081
_d575081